006380000a220009700045001000029000002450079000293000050001085000016001585200321001747730045004951 aVengoechea, Alejandra de10a¿La nueva fuga de El Dorado? : Nueva oleada de tráfico de precolombinos aVol.0, núm.5 (Febrero, 2006), Páginas 8-9 aPeriodista. aUn decreto firmado hace cuatro años obligó a perseguir a todo aquel que comercializara con los objetos del patrimonio cultural colombiano. La medida que pretendía proteger el mercado, trajo peores consecuencias. No sólo rentabilizó aún más el negocio, sino que afinó la llamada"mafia precolombina".0 tArcadia / Andrés Felipe Solano, Editor